Lista wszystkich Pokémonów Asha Ketchuma - Statystyki

Ogólne statystyki
  • Ten quiz został rozwiązany 1 104 razy
  • Średni wynik to 12 z 51
Statystyki odpowiedzi
# Typ Region Pokemon % Poprawnych
1 Elektryczny Kanto Pikachu
99%
5 Ognisty/Latający Kanto Charizard
80%
4 Trawiasty/Trujący Kanto Bulbasaur
62%
6 Wodny Kanto Squirtle
60%
2 Robaczy/Latający Kanto Butterfree
51%
3 Normalny/Latający Kanto Pidgeot
49%
12 Wodny/Lodowy Orange Islands Lapras
39%
13 Normalny Orange Islands Snorlax
38%
9 Walczący Kanto Primeape
31%
11 Normalny Kanto Tauros
30%
15 Trawiasty Johto Bayleef
28%
10 Trujący Kanto Muk
27%
7 Wodny Kanto Kingler
26%
42 Wodny/Mroczny Kalos Greninja
23%
16 Ognisty Johto Quilava
23%
17 Wodny Johto Totodile
23%
14 Robaczy/Walczący Johto Heracross
21%
29 Ognisty/Walczący Sinnoh Infernape
21%
22 Trawiasty Hoenn Sceptile
20%
18 Normalnt/Latający Johto Noctowl
18%
28 Trawiasty/Ziemny Sinnoh Torterra
18%
35 Ognisty/Walczący Unova Pignite
16%
27 Normalny/Latający Sinnoh Staraptor
16%
20 Ziemny Johto Donphan
15%
45 Smoczy Kalos Goodra
15%
44 Walczący/Latający Kalos Hawlucha
15%
36 Trawiasty Unova Snivy
15%
21 Normalny/Latający Hoenn Swellow
15%
43 Ognisty/Latający Kalos Talonflame
15%
19 Robaczy/Trujący Johto Beedrill
14%
32 Smoczy/Ziemny Sinnoh Gible
14%
46 Latający/Smoczy Kalos Noivern
14%
34 Wodny Unova Oshawott
14%
30 Wodny Sinnoh Buizel
13%
31 Ziemny/Latający Sinnoh Gliscor
13%
8 Normalny Kanto Raticate
13%
47 Trawiasty/Latający Alola Rowlet
13%
48 Kamienny Alola Lycanroc
12%
24 Ognisty Hoenn Torkoal
12%
33 Normalny/Latający Unova Unfezant
12%
26 Normalny Sinnoh Aipom
11%
25 Lodowy Hoenn Glalie
11%
38 Robaczy/Trawiasty Unova Leavanny
11%
51 Stalowy Alola Meltan
11%
37 Mroczny/Walczący Unova Scraggy
11%
40 Kamienny Unova Boldore
10%
23 Wodny Hoenn Corphish
10%
41 Ziemny/Mroczny Unova Krookodile
10%
39 Wodny/Ziemny Unova Palpitoad
9%
49 Ognisty Alola Torracat
9%
50 Trujący Alola Poipole
8%
Nie znaleziono quizów pasujących do podanych kryteriów
Rozkład punktacji
Procent ludzi z każdym wynikiem
Percentyl według liczby udzielonych odpowiedzi
Twoja historia wyników
Nie rozwiązałeś tego quizu